000 01555nam a22003377a 4500
003 PE-LiUPU
005 20250731173555.0
008 221020b |||||||| |||| 00| 0 eng d
020 _a0311420060
040 _cPE-LiUPU
082 _a251.03
_bS772d
100 _9266
_aSpurgeon, Carlos Haddon
_d1834-1892
_eAutor
245 _aDiscursos a mis Estudiantes :
_bPlaticas con Carlos Haddon Spurgeon, Dirigida a los Estudiantes Teológicos del Tabernáculo Metropolitano de Londres
264 _aLondres :
_bCasa Bautista de Publicaciones,
_c1979
300 _a335 paginas :
_c18.85 cm
505 _aPlatica I La Vigilancia que de si Mismo Debe Tener el Ministro -- Platica II La Vocación al Ministro -- Platica III La Oración Privada del Predicador -- Platica IV Nuestra Oración Publica -- Platica V Sermones: Su Asunto -- Platica VI Sobre la Elección de un Texto -- Platica VII Modo de Espiritualizar -- Platica VIII Sobre la Voz -- Platica IX Sobre la Atención -- Platica X El Don de Hablar Espontanea -- Platica XI Descaecimiento de Animo del Ministro -- Platica XII Conducta del Ministro en su Vida Ordinaria -- Platica XIII A los que Cuentan con Escasos Útiles para Trabajar
526 _aSEG42
526 _aSEG41
526 _aSEG40
526 _aSEG39
526 _aP94
526 _aP87
526 _aP86
526 _aP85
526 _aP77
526 _aP76
526 _aP35
650 0 _9267
_aPredicador
942 _2ddc
_cBOOK
_n0
980 _622041
_aElí Valderrama
_81
_gALBERTO SANCHEZ Responsable de Automatización
999 _c61595
_d61595